Geometría; para segundo año de las escuelas de comercio /

Guardado en:
Autor Principal: Repetto, Celina
Otros Autores: Linskens, Marcela
Formato: Libro
Publicado: Buenos Aires : Kapelusz, 1945
Edición:2a. ed.
Materias:
Etiquetas: Agregar Etiqueta
Sin Etiquetas, Sea el primero en etiquetar este registro!
LEADER 00922nam a22002295a 4500
001 CEM.cems005353
005 20060220000000.0
008 130507s1945##################000#0#####d
003 CEMS
082 0 4 |a 513 
100 1 |a Repetto, Celina 
245 1 0 |a Geometría; para segundo año de las escuelas de comercio / 
250 |a 2a. ed. 
260 |a Buenos Aires :  |b Kapelusz,  |c 1945 
300 |a 178 p. 
505 0 |a Poligonos convexos; Simetria central y axial; Paralelogramos; Trapecios y trapezoides; Puntos notables del triangulo; Circunferencia y circulo; Poligonos equivalentes; Multiplicación de segmentos 
653 |a Geometria 2do. año 
653 |a Matematica 
700 1 |a Linskens, Marcela 
859 |a CEMS  |b BIB. CEMS - 11 de abril  |h 513  |i R299-1a2/II  |p 2868.74  |t Ej.1 
859 |a CEMS  |b BIB. CEMS - 11 de abril  |h 513  |i R299-1a2/II  |p 2880.74  |t Ej.2 
859 |a CEMS  |b BIB. CEMS - 11 de abril  |h 513  |i R299-1a2/II  |p 2887.74  |t Ej.3